000
00328cam a2200145ua 4500
041
_a
eng
_h
082
_a
821
_b
KEN/BE
100
_a
Kennedy, Charles W .
245
0
0
_a
Beowulf :The oldest epic
260
_a
London :
_b
Oxford university press ,
_c
1962.
300
_a
121 ; .
504
_a
942
_c
BK
999
_c
615
_d
615